| 000 | 00658nam a2200229 i 4500 | ||
|---|---|---|---|
| 001 | 6160 | ||
| 003 | ES-MaACL | ||
| 005 | 20230906144820.0 | ||
| 007 | t| | ||
| 008 | 890821s1989 sp ||||1| spa d | ||
| 020 | _a84-86662-36-2 | ||
| 080 | _a86.0(729.1)-223"19" | ||
| 080 | _a86.0(729.1)(Ferradas,R.7 P.01) | ||
| 100 | 1 |
_aFerradas, Renaldo. _950227 |
|
| 245 | 1 | 3 |
_aLa Puta del millon _b: (una obra en dos actos) / _cRenaldo Ferradas. |
| 260 |
_aMadrid : _bBetania, _cD.L. 1989. |
||
| 300 |
_a78 p. : _bil. ; _c21 cm. |
||
| 490 | 1 | _aTeatro | |
| 830 | 0 |
_aTeatro _9178026 |
|
| 852 |
_aES-MaACL _jL-13263 _bR.116736 _z. - rust. |
||
| 999 |
_c6160 _d6160 |
||